000 02252nam a2200481 c 4500
999 _c64633
_d64633
003 BLK
005 20220224150234.0
008 180408b bul|||||r ||||||| ||bul||
010 _aKNG00068902000
020 _a954-9330-06-0
040 _aBLK
041 _aBUL
_cBUL
080 _aКласически митологии. Религии на Древна Гърция и Рим, етруска религия. Подразделя се като 291
_b292
_x(=919.885)
_z292(=919.885)
080 _aКласически митологии. Религии на Древна Гърция и Рим, етруска религия. Подразделя се като 291
_b292
_x.2/.3
_z292.2/.3
080 _aФилософски мистицизъм. Ранни езотерични школи. Кабала. Теософия. Антропософия. Суфизъм. Еклектизъм. Синкретизъм. Херметизъм. Розенкройцерство. Др. школи
_b141.33
_z141.33
100 1 _aГеоргиева, Капка
_eпърви автор
_gИбришимова, Капка Георгиева
_9292072
139 _aГеоргиева, Капка
_bГ 37
245 1 0 _aУбийството на Орфей
_bТайната на изгубения Кивот
_cКапка Георгиева.
257 _aBGR
260 _bБумеранг БГ
_c2004
_fСофия : Инвестпрес
300 _a216 с.
_bс ил.
_c20 см
380 _a2
500 _aБиблиогр. с. 206-208
504 _a206-208
650 4 _aТраки - религия
_9248956
650 4 _aМитология
_9162418
650 4 _aРелигиозни обреди и тайнства
_9257195
650 4 _aРеликви
_9169315
650 4 _aОкултизъм
_9164936
650 4 _aТайни общества
_9251393
653 _aтраки
653 _aДревна Тракия
653 _aрелигия
653 _aорфизъм
653 _aпророци
653 _aмистика
653 _aтайни общества
852 _bК
_cК 886.7/Г 37
852 _bК
_cК 821.163.2/Г 37
856 4 _qpdf
856 4 _qpdf
942 _cKNG
_n0
_s1
944 _aCR
_c24.10.2006
_kГеновева_Генчева
944 _aED
_c31.10.2006
999 _d64633
999 _d64633